| 000 | 00582nam a2200193 a 4500 | ||
|---|---|---|---|
| 005 | 20210223122432.0 | ||
| 008 | 991125s1976 mx 000 0 spa u | ||
| 035 | _aUPN01000035611 | ||
| 049 | _aCG | ||
| 050 | 4 |
_aHX288 G7 _bL5.98 |
|
| 100 | 1 |
_aGramsci, Antonio, _d1891-1937 |
|
| 245 | 1 | 0 |
_aLiteratura y vida nacional / _cAntonio Gramsci ; tr. José M. Aricó. |
| 260 |
_aMéxico : _bJ. Pablos, _c1976. |
||
| 300 | _a336 p. | ||
| 440 | 0 |
_aObras de Antonio Gramsci ; _v4 |
|
| 650 | 4 |
_aCOMUNISMO - _zITALIA - _xHISTORIA _98254 |
|
| 651 | 4 |
_aITALIA - _xVIDA INTELECTUAL |
|
| 905 | _aLibro | ||
| 999 |
_c35611 _d35611 |
||